| 000 | 00373nam a2200145Ia 4500 | ||
|---|---|---|---|
| 008 | 150201s2010 xx 000 0 und d | ||
| 082 |
_a616.07 _bS10M |
||
| 100 | _aMILLS , STACEY E. | ||
| 245 | _aSTERNBERG,S DIAGNOSTIC SURGICAL PATHOLOGY-2 | ||
| 250 | _a4TH | ||
| 260 |
_bWOLTERS KLUWER _aPHILADELPHIA _c2010 |
||
| 300 | _aJan-18 | ||
| 650 | _aPATHOLOGY | ||
| 942 |
_2ddc _cBK |
||
| 999 |
_c1608 _d1608 |
||